Quizzes
Events
Quiz Creation
Community
Videos
Private Events
Remove Ads
Sign In
Join for FREE
Feedback
Dark Mode
Quiz Categories
Sports
Geography
Music
Movies
Television
Just For Fun
Miscellaneous
History
Literature
Language
Science
Gaming
Entertainment
Religion
Holiday
For Kids
Quiz Lab
Recent
Popular Today
Quiz Kudos Today
Editor Picks
Curator Picks
Quizzes by...
Day
Popularity
Type
Ratings
Length
Year
Community
Subscriptions
Recent Discussions
Orange Saloon
Badges
Playlists
Quests
Create
Leaderboards
Showdown
Live 5
Trivia Bingo
Activity
Puzzle Library
Sporcle Events
Private Events
Virtual Trivia
Globe League
Become a Host
Pub Owners
SporcleCon
Opinionation
Our Games
Videos
Blog
Mobile Apps
Partnerships
Remove Ads and Go Orange
Feedback
Music
Pop Music
The Beatles
Song
Album
Lyrics
Bands
Singers
Artist
Clip
Rock
Rap
Classical
Billboard
Country Music
Kpop
Taylor Swift
Music
Pop Music
The Beatles
Song
Album
Lyrics
Bands
Singers
Artist
Clip
Rock
Rap
Classical
Billboard
Country Music
Kpop
Taylor Swift
Random Quiz
Search Sporcle
×
Quiz Lab
Quiz Lab
Music
Lyrics
Type in answers that appear in a list
Type in answers that appear in a list
Classic
Best Score? Go Orange.
History of Rap Stats
Can you name the songs in Jimmy Fallon and Justin Timberlake's History of Rap?
By
martsissmart
7m
15 Questions
89 Plays
89 Plays
89 Plays
Comments
Comments
Give Quiz Kudos
Give Quiz Kudos
-
- Ratings
hide this ad
Replay
Link that replays current quiz
Next Quiz
Link to next quiz in quiz playlist
You Got
0%
They Got
Avg Score
43%
Avg Friend Score
Upgrade to see
Score Distribution
Jump to the score distribution portion of the page
Score
0/15
Timer
07:00
0
Plays Today
Lyrics
Title
% Correct
Hi, my name is/
What?/
My name is/
Who?/
jigga jigga Slim Shady
My Name Is...
79.8%
You take my money, when I’m in need/
Yeah, she’s a triflin’ friend indeed/
She certainly is/
Oh she’s a gold digger, way over town, that digs on me
Gold Digger
74.2%
Yeah I’m up at Brooklyn, now I’m down in Tribeca/
Right next to De Niro/
But I’ll be hood forever/
Statue of Liberty/
Long live the World Trade/
Everybody sing it
Empire State of Mind
62.9%
I said a hip hop the hippie the hippie/
to the hip hip hop, a you dont stop
Rapper's Delight
61.8%
California Love
California Love
61.8%
Mia ya hee, Miya ya ha, Miya ya hee, Miye ya ha ha/
You’ve gotta live your life/
Hey, Hey-
ey eh-
ey eh-
ey/
You steady chasin that paper
Live Your Life
53.9%
Now _
_
_
_
_
_
_
_
_
_
_
_
picked peppers, but Run rocked rhymes/
Humpty Dumpty fell down, that’s his hard time/
Jack B. Nimble was nimble, and he was quick
Peter Piper
49.4%
The _
_
_
_
_
_
_
_
_
_
_
_
_
is your chance to do the hump/
Oh, do me baby/
Do the Humpty Hump, watch me do the Humpty Hump
Humpty Dance
43.8%
Lyrics
Title
% Correct
Is it worth it, let me work it/
I put by thing down flip it and reverse it/
It’s your fremme neppa venette/
It’s your fremme neppa venette
Work It
33.7%
It was all a dream I used to read Word Up magazine/
Salt N’ Pepper and Heavy D up in the limousine/
Hangin’ pictures on my wall
Juicy
31.5%
Now here’s a little story I got to tell/
About three bad brothers you know so well/
It started way back in history/
With Ad Rock, MCA, and me, Mike D
Paul Revere
29.2%
One, two, three and to the fo’/
Snoop Doggy Dogg and Dr. Dre is at the do’/
It’s the capital S, oh yes, the fresh N double O P/
D O double G Y D O double G, ya see
Nuthin' But A G Thang
25.8%
We on _
_
_
_
_
_
_
_
_
_
_
_
with Muhammad my man/
Goin’ each and every place with the mic’ in their hand
Award Tour
18%
Push my seed in my push for life/
It’s gonna work because I’m pushin it right/
If Mary drop my baby girl tonight
The Seed
14.6%
Soulja Boy off in this oh/
Watch me crank it, watch me roll/
Watch me crank dat, Soulja Boy/
Then Superman dat oh/
Now watch me you/
Crank dat, Soulja Boy/
Now watch me you
Crank That (Soulja Boy)
9%
Quiz Playlist
Details
Report
Send in Message
Add To Playlist
Classic:
Type in answers that appear in a list
Quiz Source
Last Updated: Feb 16, 2017
Quiz Scoreboard
CHALLENGE
Sign Up to Join the Scoreboard
Show All
Scores
Hide
Comments
May contain spoilers
Recently Published
Presidents Visiting Landmarks
by Hejman
History
7m
An Introduction to Baseball
by treessimontrees
Sports
5m
Movies - When Are They Set?
by FPL_Elf
Movies
5m
More to Explore
Quiz From the Vault
Featured Blog Post
Where Did the Easter Bunny Come From?
hide this ad
You Might Also Like...
Tags
Lyrics Quiz
Rap Quiz
Song Quiz
Justin Timberlake
Rapper
Today's Top Quizzes in Music
Browse Music
hide this ad
Today's Top Quizzes in Lyrics
Browse Lyrics
Top Contributed Quizzes in Music
1
Taylor Swift All Songs (2024)
2
Guess the Artist- 70s Songs
3
One Thing in Common: Music
4
KPOP LOGIC QUIZ
5
2010s Album by Cover III
6
Taylor Swift Logic Puzzle
7
Guess the Taylor Swift song (Mystery Song)
8
7-to-1: Billboard Hot 100 #1 Hits of 2010s
9
2010s Album by Cover IV
10
2010s Album by Cover V
Explore More
Trending Topics
Anime
Disney
Crossword
Kpop
NBA
Marvel
Harry Potter
Song
Puzzle
WWE
The Office
Soccer
Country
Pokémon
NFL
hide this ad
More By:
martsissmart
Quiz
Plays
Rating
Category
Featured
Created
History of Rap
89
1.00
Music
Oct 19, 2012
Go to Creator's Profile
Score Distribution
Quiz Creator Spotlight
martsissmart
Follow
Send a Message
Quizzes Created
-
Created Quiz Play Count
-
More By This Creator
Popular Quizzes Today
1
Find the US States - No Outlines Minefield
2
Find the Countries of Europe - No Outlines Minefield
3
The Countries of the World
4
Popular People in 1961
5
Find the US States
6
US States
7
Risky Map Clicking: Biggest States A-Z
8
1-10 Letter E Words III
More Music Quizzes
The Cure by any 3 letters
Quiz Lab
Trending Quizzes
Risky Map Clicking: Least Populous States A-Z
1-10 Letter G Words
1-10 Letter F Words
One Thing in Common: United Kingdom
Risky Map Clicking: Next State Alphabetically
Recently Updated
Leaping Animals
pecheneg
Reality TV Shows (A-Z)
bhenderson79
Rickey Henderson's Hall of Fame Teammates
pecheneg
Champions League XIs: Arsenal
pecheneg
Quick Pick: Celebrities in WWE's Hall of Fame
aduchscher
A-Z Keypad Blitz II
pecheneg
Multiple Oscar Actors
pecheneg
Mystery Phrase Blitz: Oscar 'Best Actors'
pecheneg
F. Scott Fitzgerald Novels
LTH
Pick 3 Villains
ddd62291
Trending Topics
NBA
Marvel
Anime
Disney
Kpop
Crossword
Harry Potter
NFL
Puzzle
Soccer
Pokémon
Country
Song
WWE
The Office
Your Account Isn't Verified!
In order to create a playlist on Sporcle, you need to verify the email address you used during registration. Go to your
Sporcle Settings
to finish the process.
Report this User
Report this user for behavior that violates our
Community Guidelines
.
Details:
Send Report
Go to the Sporcle.com Mobile Site →
Comments